000 01058nam a2200301Ia 4500
001 Para_9446
003 CHAP
008 220125s2008 xx 000 0 und d
010 _a208132
040 _cCHAP
090 _aTESIS 2173
100 _aAvila Pérez, Maricela
_982465
245 _aEvaluación de clones de papa (Solanum tuberosum L.) para la resistencia contra el tizón tardio (Phytophthora infestans Mont de Bary), en Toluca, Méx. /
_c por Maricela Avila Pérez
260 _aChapingo, Méx. :
_b el autor
300 _a67 h.
502 _aTesis (M.C. Protección Vegetal) UACh. Departamento Parasitología Agrícola
650 _aHongos fitopatógenos
_956132
650 _aPapa
_x variedades resistentes a enfermedades
_985301
650 _aPhytophthora infestans
_987925
710 _aUACh. Departamento Parasitología Agrícola
_9164025
901 _aTESIS 2173
902 _aM
905 _a0000002008 am 0000000000 00
910 _a2008
942 _cPARA
942 _cPARA
_d2
999 _c208132
_d208132